| 000 | 00492nam a2200193Ia 4500 | ||
|---|---|---|---|
| 005 | 20240820112018.0 | ||
| 008 | 131103s9999 xx 000 0 und d | ||
| 040 | _aLoreto College | ||
| 041 | _aEnglish | ||
| 082 |
_a824 _bSTE |
||
| 245 |
_aLaughing matter _cEdited by J. D. Stephenson |
||
| 260 |
_aLondon _bEdward Arnold _c1970 |
||
| 300 | _a192p. | ||
| 440 | _aThe World of English | ||
| 650 | _aEnglish essays | ||
| 700 | _aStephenson, J. D.; ed. | ||
| 850 | _aLCBED | ||
| 942 | _cBK | ||
| 999 |
_c29905 _d80384 |
||